Movies by Country - Statistics

General Stats
  • This quiz has been taken 131 times
    56 since last reset
  • The average score is 27 of 88
Answer Stats
Movie Country % Correct
The Harry Potter Series United Kingdom
84%
Finding Nemo Australia
80%
The Avengers United States
80%
The Godfather Italy
78%
The Sound of Music Austria
71%
The Danish Girl Denmark
71%
Hercules Greece
71%
Slumdog Millionaire India
71%
Borat Kazakhstan
71%
Hotel Transylvania Romania
71%
Mulan China
69%
Schindler's List Poland
69%
Judgment at Nuremberg Germany
65%
Apocalypse Now Vietnam
65%
Casablanca Morocco
61%
Coco Mexico
59%
The Girl With the Dragon Tattoo Sweden
59%
In Bruges Belgium
57%
Beauty and the Beast France
57%
The Passion of the Christ Israel
57%
District 9 South Africa
55%
Argo Iran
53%
Pan's Labyrinth Spain
53%
City of God Brazil
51%
13 Hours: The Secret Soldiers of Benghazi Libya
51%
Hotel ______ Rwanda
49%
Lost In Translation Japan
47%
Cool Runnings Jamaica
45%
Timbuktu Mali
45%
Black Hawk Down Somalia
45%
Up Venezuela
43%
The Hurt Locker Iraq
41%
The Interview North Korea
41%
Bridge on the River Kwai Burma
39%
Jurassic Park Costa Rica
39%
Raiders of the Lost Ark Egypt
37%
Ulysses Ireland
35%
Brother Bear Canada
33%
Doctor Strange Nepal
33%
Indiana Jones and the Kingdom of the Crystal Skull Peru
29%
The King and I Thailand
29%
Iron Man Afghanistan
24%
Out of Africa Kenya
24%
Goldeneye Russia
24%
Butch Cassidy and the Sundance Kid Bolivia
22%
Apocalypto Guatemala
20%
Blood Diamond Guinea
20%
Journey to the Center of the Earth Iceland
20%
Casino Royale Montenegro
20%
Zero Dark Thirty Pakistan
18%
Blood Diamond Liberia
16%
Hannibal Rising Lithuania
16%
Blood Diamond Sierra Leone
16%
Mission: Impossible Czechia
14%
The Fault in Our Stars Netherlands
14%
On Her Majesty's Secret Service Portugal
14%
Mission Impossible: Ghost Protocol United Arab Emirates
14%
Argentina
12%
From Russia With Love Croatia
10%
Half a Yellow Sun Nigeria
10%
On Her Majesty's Secret Service Switzerland
10%
Lucy Taiwan
10%
The African Queen Tanzania
10%
The World is Not Enough Azerbaijan
8%
License to Kill Bahamas
8%
The 33 Chile
8%
Othello Cyprus
8%
Woman of Malacca Malaysia
8%
The Kingdom Saudi Arabia
8%
From Russia With Love Serbia
8%
X-Men: First Class Cuba
6%
__________ Madagascar
6%
The Four Feathers Sudan
6%
Uganda
6%
War Dogs Albania
4%
A United Kingdom Botswana
4%
Lorenzo's Oil Comoros
4%
Avengers: Age of Ultron South Korea
4%
Patton Tunisia
4%
Skyfall Turkey
4%
Mission Impossible: Rogue Nation Belarus
2%
Avengers: Age of Ultron Norway
2%
_______ in Flames Ukraine
2%
Mission: Impossible III Vatican City
2%
Superman III Colombia
0%
Pacific Rim Hong Kong
0%
Paradise Road Indonesia
0%
Across the Pacific Philippines
0%
No matching quizzes found
Score Distribution
Percent of People with Each Score
Percentile by Number Answered
Your Score History
You have not taken this quiz since the last reset